Principio de la administración cientifica ; Administración industrial y general (Registro nro. 2362)
[ vista simple ]
| 000 -LEADER | |
|---|---|
| fixed length control field | 01090 a2200217 4500 |
| 001 - CONTROL NUMBER | |
| control field | 33538 |
| 005 - DATE AND TIME OF LATEST TRANSACTION | |
| control field | 20260407155627.0 |
| 008 - FIXED-LENGTH DATA ELEMENTS--GENERAL INFORMATION | |
| fixed length control field | 260407a1969 arg spa d |
| 003 - CONTROL NUMBER IDENTIFIER | |
| control field | AR-UNSa-BCEJYS |
| 040 ## - CATALOGING SOURCE | |
| Original cataloging agency | AR-UNSa-BCEJYS |
| Language of cataloging | spa |
| Transcribing agency | AR-UNSa-BCEJYS |
| 080 ## - UNIVERSAL DECIMAL CLASSIFICATION NUMBER | |
| Universal Decimal Classification number | 658 |
| Common auxiliary subdivision | Administración de empresas. Organización comercial |
| 100 1# - MAIN ENTRY--PERSONAL NAME | |
| Personal name | Fayol, Henri |
| 245 10 - TITLE STATEMENT | |
| Title | Principio de la administración cientifica ; Administración industrial y general |
| 250 ## - EDITION STATEMENT | |
| Edition statement | 3a. ed |
| 264 #1 - PRODUCTION, PUBLICATION, DISTRIBUTION, MANUFACTURE, AND COPYRIGHT NOTICE | |
| Place of production, publication, distribution, manufacture | Lima : |
| Name of producer, publisher, distributor, manufacturer | Universitas |
| Date of production, publication, distribution, manufacture, or copyright notice | 1969 |
| 300 ## - PHYSICAL DESCRIPTION | |
| Extent | 233 p. |
| Dimensions | 23 cm. |
| 505 ## - FORMATTED CONTENTS NOTE | |
| Formatted contents note | I: 1. Funadamentos de administración científica - 2. Los principios de administración cientifica - II: Administración industrial y general : 1. Definición de administración - 2. Importancia relativa de las diversas capacidades que forman el valor del personal de la empresas - 3. Necesidad y posibilidad de una enseñanza de la administración - 4. Prinicpios generales de la administración - 5. Elementos de la administración. |
| 590 ## - LOCAL NOTE (RLIN) | |
| Local note | niveau_biblio:m niveau_hierar:0 |
| 700 1# - ADDED ENTRY--PERSONAL NAME | |
| Personal name | Taylor, Frederick Winslow |
| 942 ## - ADDED ENTRY ELEMENTS (KOHA) | |
| Koha item type | |
| Withdrawn status | Lost status | Damaged status | Not for loan | Home library | Current library | Shelving location | Date acquired | Total checkouts | Full call number | Barcode | Date last seen | Price effective from | Koha item type |
|---|---|---|---|---|---|---|---|---|---|---|---|---|---|
| Biblioteca Prof. Eusebio Cleto del Rey | Biblioteca Prof. Eusebio Cleto del Rey | 07/04/2026 | 658 T236 3ed. | L85049 | 07/04/2026 | 07/04/2026 | Libro |